Koncepčný návrh prívesného vozíka s vodným čerpadlom a elektrickým pohonom

Salvato in:
Dettagli Bibliografici
Autore principale: Condík, Tomáš (Autore)
Altri autori: Slovák, Pavol (Relatore della tesi)
Natura: Manoscritto Libro
Lingua:slovacco
Pubblicazione: 2024
Soggetti:
Accesso online:http://is.stuba.sk/zp/portal_zp.pl?podrobnosti=177298
Tags: Aggiungi Tag
Nessun Tag, puoi essere il primo ad aggiungerne!!

MARC

LEADER 00000ntm a22000003a 4500
001 stuzp99455
003 SK-STU
005 20241120101820.8
007 ta
008 150427s2015----xo-----f-mn---000-0-slo-d
040 |a STU  |b slo 
041 0 |a slo 
100 1 |a Condík, Tomáš  |u 020030  |4 aut  |U SjF Strojnícka fakulta  |T SjF Ústav automobilového inžinierstva a konštruovania  |X 122108  |U J0030  |Y 806  |7 122108 
242 0 1 |a Conceptual design of trailer with water pump and electric drive  |y eng 
245 1 0 |a Koncepčný návrh prívesného vozíka s vodným čerpadlom a elektrickým pohonom 
260 |c 2024 
650 4 |a orívesný vozík  |2 slo 
650 4 |a odvodňovacie práce  |2 slo 
650 4 |a odstredivé čerpadlo  |2 slo 
650 4 |a elektrický pohon  |2 slo 
650 4 |a konštrukcia prívesu  |2 slo 
650 4 |a car railer  |2 eng 
650 4 |a drainage work  |2 eng 
650 4 |a centrifugal pump  |2 eng 
650 4 |a electric drive  |2 eng 
650 4 |a trailer construction  |2 eng 
700 1 |a Slovák, Pavol  |u 020030  |k Z1  |4 ths  |U SjF Strojnícka fakulta  |T SjF Ústav automobilového inžinierstva a konštruovania  |X 2338  |U J0030  |Y 806  |7 A000002338 
856 4 |u http://is.stuba.sk/zp/portal_zp.pl?podrobnosti=177298 
996 |b 284J047687  |c J* 3782/DDP  |l JJSK  |s A  |a 24  |w stuzp99455_0001